000 00509nam a2200193Ia 4500
003 LK-CoDNM
005 20241126123351.0
008 010623t1976 xxu||||| |||| 00| 1 sin d
040 _aLK-CoDNM
_dLK-CoDNM
_eLK-CoDNM
041 _asin
080 _a294.3:04
_bSOM
100 _aSasanarathana Thero,Moratuwe.
245 _aවිචාරභාස
246 _aVicharabhasa
260 _bSomananda Thero,Teripehe.
_c1976
300 _b479p. : 21 cm
650 _aබුදු දහම
942 _cBK
999 _c109997
_d109997